1980's Artist/Band Names: Picture Clues - Statistics

General Stats
  • This quiz has been taken 344 times
  • The average score is 8 of 20
Answer Stats
Picture Hint Answer % Correct
Heart
87%
Europe
78%
Salt n Pepa
63%
Orange Juice
62%
Bottom right... Toto
59%
Bangles
57%
Whistle
51%
Madonna
48%
The Alarm
47%
Stone Roses
42%
God
36%
Blancmange
22%
Prince
21%
U2
21%
Bluebells
18%
Chameleons
17%
Trio
14%
1950 Film All About Eve
12%
Black Lace
11%
Housemartins
9%
No matching quizzes found
Score Distribution
Percent of People with Each Score
Percentile by Number Answered
Your Score History
You have not taken this quiz